| 000 | 00651cam a22002412a 4500 | ||
|---|---|---|---|
| 001 | 006614 | ||
| 003 | AR-FADEU | ||
| 008 | 311216n1977####xxu####################dd | ||
| 020 | _a84-335-2983-8 | ||
| 092 |
_a306.342 _bH684-3 |
||
| 100 | _aHobsbawm, Eric J. | ||
| 245 | _aLa era del capitalismo | ||
| 250 | _a3a. ed | ||
| 260 | _aBarcelona | ||
| 260 | _bLabor | ||
| 260 | _bPunto Omega | ||
| 260 | _c1977 | ||
| 300 | _a486 p. : cuad., map | ||
| 440 |
_aPunto omega _n223-224 |
||
| 700 | _aA., García Fluixá, tr. | ||
| 650 | _aCAPITALISMO; RIQUEZA-CONCENTRACION; TRABAJO-MIGRACION; CIENCIA-PROGRESO; TECNICA-PROGRESO | ||
| 942 | _cBDGR | ||
| 999 |
_c12433 _d12433 |
||